书目信息 |
| 题名: |
美国的历史
|
|
| 作者: | 俾耳德 , 巴格力 著 ;魏野畴 译 | |
| 分册: | ||
| 出版信息: | 北京 新世界出版社 2017 |
|
| 页数: | 369页 | |
| 开本: | 23cm | |
| 丛书名: | ||
| 单 册: | ||
| 中图分类: | K712.09 | |
| 科图分类: | ||
| 主题词: | 历史--美国--通俗读物 | |
| 电子资源: | ||
| ISBN: | 978-7-5104-6192-7 | |
| 000 | 01748nam0 2200313 450 | |
| 001 | 012001000135 | |
| 005 | 20140920091301.0 | |
| 010 | @a978-7-5104-6192-7@b精装@dCNY59.80 | |
| 100 | @a20170524d2017 em y0chiy50 ea | |
| 101 | 1 | @achi@ceng |
| 102 | @aCN@b110000 | |
| 105 | @aa z 000yy | |
| 106 | @ar | |
| 200 | 1 | @a美国的历史@9Mei Guo De Li Shi@e从蛮荒时期到帝国时代@dThe history of the American people@f(美)查尔斯·俾耳德(Charls A. Beard),(美)威廉·巴格力(William C. Bagley)著@g魏野畴译@zeng |
| 210 | @a北京@c新世界出版社@d2017 | |
| 215 | @a369页@c图@d23cm | |
| 314 | @a查尔斯·俾耳德 (Charls A. Beard),20世纪美国最有影响力的美国历史学家之一。著有《美国文明的兴起》《美国宪法之经济的解释》等。 | |
| 314 | @a威廉·巴格力 (William C. Bagley),美国教育家,著名编辑。著有《课堂管理》《教育过程》等。 | |
| 314 | @a魏野畴,原名凤标,陕西兴平人。1920年创办《秦钟》杂志,宣传新文化、新思想。八七会议后,在突围中,被俘,后被敌人杀害,时年仅30岁。著有《中国近世史》《政治经济学原理》等。 | |
| 330 | @a本书将美国人早期的探险、殖民、独立战争、新国家的建设、疆域的发展、奴隶问题、南北战争、新民主政治等历史活动还原再现,目的是对美国人进行理想和美国历史的教育。本书通过捉住美国人深潜而宏阔的生活潮流,把这些潮流明白公正地描写出来,使历史成为活的历史,使读者对这些潮流发生兴味,使他们明白研究历史的意义所在。 | |
| 510 | 1 | @aHistory of the American people@zeng |
| 517 | 1 | @a从蛮荒时期到帝国时代@9Cong Man Huang Shi Qi Dao Di Guo Shi Dai |
| 606 | 0 | @a历史@y美国@j通俗读物 |
| 690 | @aK712.09@v5 | |
| 701 | 0 | @c(美)@a俾耳德@9Bi Er De@c(Beard, Charls A. )@4著 |
| 701 | 0 | @c(美)@a巴格力@9Ba Ge Li@c(Bagley, William C. )@4著 |
| 702 | 0 | @a魏野畴@9Wei Ye Chou@4译 |
| 801 | 0 | @aCN@b上海新华@c20180901 |
| 905 | @b1040664-68@dK712.09@e51@f5 | |
| 美国的历史:从蛮荒时期到帝国时代=The history of the American people/(美)查尔斯·俾耳德(Charls A. Beard),(美)威廉·巴格力(William C. Bagley)著/魏野畴译.-北京:新世界出版社,2017 |
| 369页:图;23cm |
| ISBN 978-7-5104-6192-7(精装):CNY59.80 |
| 本书将美国人早期的探险、殖民、独立战争、新国家的建设、疆域的发展、奴隶问题、南北战争、新民主政治等历史活动还原再现,目的是对美国人进行理想和美国历史的教育。本书通过捉住美国人深潜而宏阔的生活潮流,把这些潮流明白公正地描写出来,使历史成为活的历史,使读者对这些潮流发生兴味,使他们明白研究历史的意义所在。 |
| ● |
| 相关链接 |
|
|
|
|
正题名:美国的历史
索取号:K712.09/51
 
预约/预借
| 序号 | 登录号 | 条形码 | 馆藏地/架位号 | 状态 | 备注 |
| 1 | 1040664 | 210406648 | 第二样本阅览室/ [索取号:K712.09/51] | 在馆 | |
| 2 | 1040665 | 210406657 | 密集书库-史法系/ [索取号:K712.09/51] | 在馆 | |
| 3 | 1040666 | 210406666 | 第二借阅区/ [索取号:K712.09/51] | 在馆 | |
| 4 | 1040667 | 210406675 | 第二借阅区/ [索取号:K712.09/51] | 在馆 | |
| 5 | 1040668 | 210406684 | 第二借阅区/ [索取号:K712.09/51] | 在馆 |